[Event "Aeroflot Open 2012 A"]
[Site "Moscow"]
[Date "2012.02.09"]
[Round "3"]
[White "Yilmaz, Mustafa"]
[Black "Yu, Yangyi"]
[Result "1/2-1/2"]
[WhiteElo "2521"]
[BlackElo "2631"]
[PlyCount "137"]
[EventDate "2012.02.07"]
[EventRounds "9"]
[EventCountry "RUS"]

1. d4 Nf6 2. c4 e6 3. Nf3 d5 4. Nc3 Bb4 5. cxd5 exd5 6. Bg5 h6 7. Bxf6 Qxf6 8.
Qb3 Qb6 9. a3 Ba5 10. Qc2 Bf5 11. Qa4+ Bd7 12. Qc2 Bf5 13. Qa4+ Bd7 14. Qc2
Bxc3+ 15. Qxc3 O-O 16. e3 Bf5 17. Be2 a5 18. O-O Na6 19. Rfc1 c6 20. Ne5 Rfe8
21. Bh5 g6 22. Be2 Kg7 23. h4 Nc7 24. h5 g5 25. Bd3 Nb5 26. Qc2 Bxd3 27. Qxd3
Nd6 28. f4 Qd8 29. Rf1 f5 30. fxg5 Qxg5 31. Rf4 Rg8 32. Raf1 Raf8 33. Qe2 Ne4
34. R1f3 Kh7 35. Rh3 Rg7 36. Ng6 Rff7 37. Qf3 Qf6 38. Qf1 c5 39. Ne5 Rf8 40.
Ng6 Rff7 41. dxc5 Qxb2 42. Kh2 Ng5 43. Rxf5 Qc2 44. Rxf7 Rxf7 45. Qa1 Rg7 46.
Rg3 Qf5 47. Nf4 Re7 48. Qb2 Ne6 49. Nxe6 Qxe6 50. Kg1 Qf5 51. Qe2 Rc7 52. Rf3
Qxh5 53. Qd3+ Qg6 54. Qxd5 Rg7 55. Rf2 Re7 56. Rb2 Qg3 57. Qd3+ Kg7 58. Qd4+
Kh7 59. Re2 Qe5 60. Qd3+ Kg7 61. Qc4 Rc7 62. Qg4+ Kh7 63. Rf2 Qxe3 64. Qf5+ Kg7
65. Qf8+ Kh7 66. Qf5+ Kg7 67. Qf8+ Kh7 68. Qf5+ Kg7 69. Qf8+ 1/2-1/2

[Event "Aeroflot Open 2012 A"]
[Site "Moscow"]
[Date "2012.02.09"]
[Round "3"]
[White "Cori, Jorge"]
[Black "Sandipan, Chanda"]
[Result "0-1"]
[WhiteElo "2489"]
[BlackElo "2628"]
[PlyCount "69"]
[EventDate "2012.02.07"]
[EventRounds "9"]
[EventCountry "RUS"]

1. d4 Nf6 2. c4 e6 3. g3 c5 4. d5 exd5 5. cxd5 d6 6. Nc3 g6 7. Bg2 Bg7 8. Nf3
O-O 9. O-O a6 10. a4 Nbd7 11. Bf4 Qc7 12. e4 Ng4 13. Nd2 Nge5 14. Qc2 Rb8 15.
a5 c4 16. h3 b5 17. axb6 Rxb6 18. Be3 Rb4 19. Rfb1 Nc5 20. Na2 Rb7 21. f4 Ned7
22. Nc1 Nb6 23. Nxc4 Nxc4 24. Qxc4 Bxb2 25. Rxb2 Rxb2 26. Nd3 Rb3 27. Rc1 Qb8
28. Bxc5 dxc5 29. Kh2 a5 30. Nxc5 Rb2 31. Rc2 Rxc2 32. Qxc2 Qc7 33. Qc3 Bd7 34.
d6 Qxd6 35. Nxd7 0-1

[Event "Aeroflot Open 2012 A"]
[Site "Moscow"]
[Date "2012.02.09"]
[Round "3"]
[White "Vidit, Santosh Gujrathi"]
[Black "Melkumyan, Hrant"]
[Result "0-1"]
[WhiteElo "2513"]
[BlackElo "2620"]
[PlyCount "96"]
[EventDate "2012.02.07"]
[EventRounds "9"]
[EventCountry "RUS"]

1. d4 Nf6 2. c4 e6 3. Nf3 d5 4. Bg5 h6 5. Bh4 dxc4 6. Qa4+ Nbd7 7. Qxc4 a6 8.
Nbd2 c5 9. dxc5 Bxc5 10. Qc2 b5 11. e3 Bb7 12. Rd1 Rc8 13. Qb1 Qa5 14. a3 Qb6
15. Be2 g5 16. Bg3 Rg8 17. O-O h5 18. h4 gxh4 19. Bxh4 Rg4 20. Bxf6 Nxf6 21.
Ne1 Ke7 22. Bf3 Rcg8 23. Qd3 Bxf3 24. Ndxf3 Qb7 25. Qc3 Ne4 26. Qe5 h4 27. Qh5
Bd6 28. Rd4 h3 29. Qxh3 Qa8 30. Nd2 Be5 31. Rxe4 Rxe4 32. Nxe4 Qxe4 33. Qf3
Qxf3 34. Nxf3 Bxb2 35. Rb1 Bxa3 36. Ra1 b4 37. Kf1 Rc8 38. Ne1 a5 39. Ke2 a4
40. Nd3 Kd6 41. Kd2 Kd5 42. Ra2 e5 43. f3 e4 44. Nf4+ Ke5 45. Ne2 b3 46. Rxa3
b2 47. Rc3 Rb8 48. f4+ Kd6 0-1

[Event "Aeroflot Open 2012 A"]
[Site "Moscow"]
[Date "2012.02.09"]
[Round "3"]
[White "Zhou, Jianchao"]
[Black "Venkatesh, M.R.."]
[Result "1/2-1/2"]
[WhiteElo "2619"]
[BlackElo "2499"]
[PlyCount "85"]
[EventDate "2012.02.07"]
[EventRounds "9"]
[EventCountry "RUS"]

1. Nf3 Nf6 2. c4 c5 3. Nc3 Nc6 4. g3 d6 5. Bg2 g6 6. d4 cxd4 7. Nxd4 Bd7 8. O-O
Bg7 9. Nb3 b6 10. Nd5 Rc8 11. Bg5 Ng4 12. h3 Nge5 13. Rc1 h6 14. Bd2 Nb8 15.
Ne3 Bc6 16. Bc3 Bxg2 17. Kxg2 O-O 18. Nd2 Qd7 19. f4 Qb7+ 20. Kh2 Ned7 21. Nd5
Rce8 22. Bxg7 Kxg7 23. Ne4 Nc5 24. Nec3 e6 25. Ne3 Nc6 26. Rc2 Rd8 27. Rd2 Qe7
28. Qb1 a5 29. Ng2 f5 30. e4 Rd7 31. Re1 Qf7 32. Qd1 fxe4 33. Nxe4 d5 34. Nc3
Rfd8 35. cxd5 exd5 36. Qf3 Ne4 37. Rxd5 Ng5 38. Qe3 Rxd5 39. Nxd5 Rxd5 40. fxg5
hxg5 41. Re2 Ne5 42. Rf2 Qc7 43. Qe4 1/2-1/2

[Event "Aeroflot Open 2012 A"]
[Site "Moscow"]
[Date "2012.02.09"]
[Round "3"]
[White "Aleksandrov, Aleksej"]
[Black "Gundavaa, Bayarsaikhan"]
[Result "1-0"]
[WhiteElo "2612"]
[BlackElo "2493"]
[PlyCount "51"]
[EventDate "2012.02.07"]
[EventRounds "9"]
[EventCountry "RUS"]

1. d4 Nf6 2. c4 e6 3. Nc3 Bb4 4. e3 O-O 5. Bd3 d5 6. Nf3 c5 7. O-O Nc6 8. cxd5
exd5 9. dxc5 Bxc5 10. b3 Bg4 11. Bb2 Qe7 12. Be2 Rfd8 13. Nb5 Ne4 14. Nfd4 Be6
15. Rc1 Rac8 16. Bg4 a6 17. Nxc6 Rxc6 18. Nd4 Bxg4 19. Qxg4 Rg6 20. Qh3 Ng5 21.
Qf5 Ne6 22. Nf3 d4 23. exd4 Bxd4 24. Nxd4 Nxd4 25. Bxd4 Rxd4 26. Qe5 1-0

[Event "Aeroflot Open 2012 A"]
[Site "Moscow"]
[Date "2012.02.09"]
[Round "3"]
[White "Shen, Yang"]
[Black "Robson, Ray"]
[Result "0-1"]
[WhiteElo "2447"]
[BlackElo "2596"]
[PlyCount "80"]
[EventDate "2012.02.07"]
[EventRounds "9"]
[EventCountry "RUS"]

1. d4 Nf6 2. c4 g6 3. Nc3 Bg7 4. e4 d6 5. Be2 O-O 6. Nf3 e5 7. O-O Nc6 8. d5
Ne7 9. b4 a5 10. Ba3 Nh5 11. bxa5 Nf4 12. c5 f5 13. Bc4 Kh8 14. cxd6 cxd6 15.
Re1 fxe4 16. Nd2 Rxa5 17. Bb4 Nc6 18. Bxa5 Qg5 19. Bf1 Nh3+ 20. Kh1 Nxf2+ 21.
Kg1 Nh3+ 22. Kh1 Nf2+ 23. Kg1 Nxd1 24. Ncxe4 Qh4 25. g3 Qe7 26. dxc6 bxc6 27.
Bb6 Nb2 28. a4 c5 29. Reb1 Bh6 30. Ra3 Bb7 31. Be2 Qf7 32. Rxb2 Bxd2 33. Rf3
Be3+ 34. Rxe3 Bxe4 35. Rxe4 Qf2+ 36. Kh1 Qe1+ 37. Kg2 Qf2+ 38. Kh1 Qe1+ 39. Kg2
Rf2+ 40. Kh3 Qh1 0-1

[Event "Aeroflot Open 2012 A"]
[Site "Moscow"]
[Date "2012.02.09"]
[Round "3"]
[White "Ponkratov, Pavel"]
[Black "Grigoryan, Karen H"]
[Result "1/2-1/2"]
[WhiteElo "2611"]
[BlackElo "2482"]
[PlyCount "128"]
[EventDate "2012.02.07"]
[EventRounds "9"]
[EventCountry "RUS"]

1. e4 c5 2. Nf3 Nc6 3. d4 cxd4 4. Nxd4 g6 5. c4 Nf6 6. Nc3 d6 7. Nc2 Bg7 8. Be2
O-O 9. Be3 Nd7 10. Bd2 a5 11. O-O Nc5 12. Kh1 Bxc3 13. Bxc3 Nxe4 14. Be1 e5 15.
f3 Nc5 16. Qd2 Bf5 17. Ne3 Be6 18. Bf2 Nd4 19. Rfd1 Qg5 20. Bf1 Rfc8 21. Qe1
Qd8 22. Rac1 Qf8 23. Rd2 Ra6 24. Nd1 Nf5 25. Nc3 Rac6 26. Nb5 Re8 27. Rcd1 h5
28. b3 b6 29. h3 Bc8 30. g4 Nd4 31. Bxd4 exd4 32. Qg3 Re3 33. Nxd4 Ne4 34. Qg2
hxg4 35. fxe4 Rxh3+ 36. Kg1 Rc5 37. Rd3 Qh6 38. Rxh3 gxh3 39. Qf2 Rg5+ 40. Kh2
Rg2+ 41. Bxg2 hxg2+ 42. Kxg2 Qh3+ 43. Kg1 Qg4+ 44. Kh2 Qxd1 45. Qf6 Qd2+ 46.
Kg3 Qe1+ 47. Kf4 Qc1+ 48. Kg3 Qc3+ 49. Kf2 Qd2+ 50. Kf3 Qd1+ 51. Kf2 Bh3 52.
Qd8+ Kg7 53. Qxd6 Qd2+ 54. Kf3 Bg2+ 55. Kg4 Qf2 56. Qxb6 Bf3+ 57. Kf4 Bh1+ 58.
Ke5 Qg3+ 59. Kd5 Qg5+ 60. Kd6 Qf6+ 61. Kc7 Qe7+ 62. Kc8 Qxe4 63. Qd6 Qb7+ 64.
Kd8 Qa8+ 1/2-1/2

[Event "Aeroflot Open 2012 A"]
[Site "Moscow"]
[Date "2012.02.09"]
[Round "3"]
[White "Pap, Gyula"]
[Black "Bocharov, Dmitry"]
[Result "0-1"]
[WhiteElo "2533"]
[BlackElo "2611"]
[PlyCount "58"]
[EventDate "2012.02.07"]
[EventRounds "9"]
[EventCountry "RUS"]

1. g3 c5 2. Bg2 g6 3. f4 Bg7 4. Nf3 Nc6 5. O-O e6 6. e4 Nge7 7. a4 O-O 8. Na3
a6 9. Qe2 b5 10. c3 b4 11. Nc2 d5 12. e5 d4 13. d3 bxc3 14. bxc3 dxc3 15. Ba3
Nb4 16. Ng5 Ned5 17. Ne4 Qb6 18. a5 Qa7 19. Nxc5 Rb8 20. Bxb4 Nxb4 21. d4 Rd8
22. Rad1 Bf8 23. Ne4 Bb7 24. Nf6+ Kg7 25. Ne3 Rxd4 26. f5 Rxd1 27. Rxd1 c2 28.
Re1 Bc5 29. Nh5+ gxh5 0-1

[Event "Aeroflot Open 2012 A"]
[Site "Moscow"]
[Date "2012.02.09"]
[Round "3"]
[White "Pridorozhni, Aleksei"]
[Black "Popov, Ivan"]
[Result "0-1"]
[WhiteElo "2555"]
[BlackElo "2599"]
[PlyCount "166"]
[EventDate "2012.02.07"]
[EventRounds "9"]
[EventCountry "RUS"]

1. c4 e6 2. Nc3 d5 3. d4 c6 4. Nf3 Nf6 5. cxd5 exd5 6. Bg5 Be7 7. Qc2 g6 8. e3
Bf5 9. Bd3 Bxd3 10. Qxd3 Nbd7 11. O-O O-O 12. Rab1 a5 13. Rfc1 Re8 14. Nd2 Kg7
15. h3 Nf8 16. a3 a4 17. Bxf6+ Bxf6 18. b3 axb3 19. Rxb3 Qd7 20. Nf3 Ne6 21.
Qb1 b5 22. Ne1 Be7 23. Qb2 Nd8 24. Na2 Nb7 25. Nd3 Na5 26. Ne5 Qe6 27. Nb4 Nc4
28. Qc3 Rec8 29. Ned3 Ra7 30. Nc2 Rca8 31. Ra1 Kg8 32. Ndb4 Ra4 33. Re1 f5 34.
Ra1 Qd7 35. Re1 Bd6 36. Rd1 Bc7 37. Nd3 Qd6 38. Ne5 Ba5 39. Qd3 Nxe5 40. dxe5
Qxe5 41. Nb4 Bxb4 42. axb4 Ra1 43. Rbb1 Kf7 44. f4 Qf6 45. Rxa1 Rxa1 46. Rxa1
Qxa1+ 47. Kh2 Qf6 48. Qd4 g5 49. fxg5 Qxg5 50. g3 Qh5 51. Qe5 Qe2+ 52. Kg1 Qd1+
53. Kf2 Qc2+ 54. Kg1 Qe4 55. Qc7+ Qe7 56. Qxc6 Qxe3+ 57. Kg2 Qe4+ 58. Kg1 Qxb4
59. Qxd5+ Kf6 60. h4 Qe1+ 61. Kh2 Qe2+ 62. Kg1 Qe3+ 63. Kh2 Qb6 64. Qg8 Qf2+
65. Kh3 Qf1+ 66. Kh2 Qe2+ 67. Kg1 Qd1+ 68. Kh2 Qd2+ 69. Kh3 Qd7 70. Kh2 Ke5 71.
h5 Ke4 72. Qa2 Ke3 73. Qb1 Qd3 74. Qg1+ Kd2 75. Kh3 b4 76. Qf2+ Kd1 77. Qg1+
Ke2 78. Qg2+ Ke1 79. Qb2 b3 80. Qa1+ Kd2 81. Qb2+ Kd1 82. Kh4 h6 83. Kh3 Qf1+
0-1

[Event "Aeroflot Open 2012 A"]
[Site "Moscow"]
[Date "2012.02.09"]
[Round "3"]
[White "Zherebukh, Yaroslav"]
[Black "Alsina Leal, Daniel"]
[Result "1-0"]
[WhiteElo "2594"]
[BlackElo "2535"]
[PlyCount "69"]
[EventDate "2012.02.07"]
[EventRounds "9"]
[EventCountry "RUS"]

1. d4 Nf6 2. Bg5 e6 3. e4 h6 4. Bxf6 Qxf6 5. Nf3 d5 6. e5 Qd8 7. Bd3 c5 8. c3
Qb6 9. Qd2 Nc6 10. dxc5 Bxc5 11. O-O Bd7 12. Qe2 g5 13. b4 Be7 14. b5 Na5 15.
Nbd2 Rc8 16. Rac1 g4 17. Nd4 Rxc3 18. Rxc3 Qxd4 19. Rfc1 Rg8 20. Nb3 Nxb3 21.
axb3 Rg5 22. Rc7 Rxe5 23. Qc2 Bd8 24. Rxb7 Bb6 25. g3 h5 26. Bg6 Re4 27. Bxe4
Qxe4 28. Qxe4 dxe4 29. Rc6 Bxc6 30. bxc6 f5 31. b4 Kd8 32. b5 Kc8 33. Re7 Bc5
34. Rxe6 Kc7 35. Re5 1-0

[Event "Aeroflot Open 2012 A"]
[Site "Moscow"]
[Date "2012.02.09"]
[Round "3"]
[White "Harika, Dronavalli"]
[Black "Ipatov, Alexander"]
[Result "1/2-1/2"]
[WhiteElo "2516"]
[BlackElo "2586"]
[PlyCount "22"]
[EventDate "2012.02.07"]
[EventRounds "9"]
[EventCountry "RUS"]

1. c4 c6 2. g3 d5 3. Nf3 Bg4 4. Bg2 e6 5. cxd5 Bxf3 6. Bxf3 cxd5 7. O-O Nf6 8.
d3 Nc6 9. Nc3 Bc5 10. Bf4 O-O 11. Rc1 Bb6 1/2-1/2

[Event "Aeroflot Open 2012 A"]
[Site "Moscow"]
[Date "2012.02.09"]
[Round "3"]
[White "Morovic Fernandez, Ivan"]
[Black "Fedoseev, Vladimir"]
[Result "1/2-1/2"]
[WhiteElo "2582"]
[BlackElo "2525"]
[PlyCount "82"]
[EventDate "2012.02.07"]
[EventRounds "9"]
[EventCountry "RUS"]

1. d4 Nf6 2. c4 g6 3. Nc3 d5 4. Nf3 Bg7 5. e3 O-O 6. b4 b6 7. Qb3 Bb7 8. Bb2
dxc4 9. Bxc4 Bxf3 10. gxf3 Nbd7 11. Rd1 c6 12. b5 cxb5 13. Bxb5 a6 14. Be2 b5
15. a4 bxa4 16. Qxa4 Qb6 17. Ba1 Qe6 18. f4 Nb6 19. Qa5 Rfc8 20. Bf3 Nc4 21.
Qa2 Rab8 22. O-O Qh3 23. Qe2 h5 24. Bg2 Qf5 25. Rc1 Qa5 26. Rfd1 Nd6 27. Bf1
Rb3 28. Qe1 Qb4 29. Na2 Qb8 30. Rxc8+ Qxc8 31. Rc1 Qf5 32. Nb4 g5 33. fxg5 Nfe4
34. f4 h4 35. Nc6 Qg4+ 36. Kh1 Nf5 37. Bg2 Rxe3 38. Nxe7+ Kf8 39. Qb4 Nf2+ 40.
Kg1 Nh3+ 41. Kh1 Nf2+ 1/2-1/2

[Event "Aeroflot Open 2012 A"]
[Site "Moscow"]
[Date "2012.02.09"]
[Round "3"]
[White "Lu, Shanglei"]
[Black "Zhigalko, Andrey"]
[Result "0-1"]
[WhiteElo "2516"]
[BlackElo "2576"]
[PlyCount "56"]
[EventDate "2012.02.07"]
[EventRounds "9"]
[EventCountry "RUS"]

1. e4 c5 2. Nf3 Nc6 3. Bb5 e6 4. O-O Nge7 5. Re1 Nd4 6. Nxd4 cxd4 7. d3 a6 8.
Ba4 Nc6 9. Nd2 b5 10. Bb3 Bb7 11. a4 Bb4 12. Qh5 Qb6 13. Re2 O-O 14. e5 Na5 15.
Ba2 bxa4 16. Ne4 Be7 17. Ng5 Bxg5 18. Bxg5 Qxb2 19. Rf1 f5 20. c4 Qa3 21. Rd1
Rab8 22. Qh4 Nc6 23. c5 Qxc5 24. f4 h6 25. Bf6 gxf6 26. exf6 Kh7 27. h3 Rg8 28.
Kh2 Qd6 0-1

[Event "Aeroflot Open 2012 A"]
[Site "Moscow"]
[Date "2012.02.09"]
[Round "3"]
[White "Dubov, Daniil"]
[Black "Jumabayev, Rinat"]
[Result "0-1"]
[WhiteElo "2498"]
[BlackElo "2573"]
[PlyCount "104"]
[EventDate "2012.02.07"]
[EventRounds "9"]
[EventCountry "RUS"]

1. d4 Nf6 2. c4 g6 3. g3 c5 4. Nf3 cxd4 5. Nxd4 Qa5+ 6. Nc3 Ne4 7. Nb3 Nxc3 8.
Qd3 Qe5 9. Bf4 Qf6 10. bxc3 Bg7 11. Rc1 Qc6 12. Qd5 d6 13. Bg2 Be6 14. Qb5 Qxb5
15. cxb5 a6 16. b6 Nc6 17. Nc5 Nd8 18. Nxe6 fxe6 19. Be3 Rc8 20. c4 Bb2 21. Rc2
Ba3 22. Kd2 Bc5 23. h4 Bxe3+ 24. Kxe3 Rc5 25. h5 gxh5 26. Bf3 O-O 27. Bxh5 Nc6
28. f4 Nb4 29. Rd2 Rxc4 30. Bf3 d5 31. Kf2 Kg7 32. Rh5 Rf6 33. e4 dxe4 34. Be2
Rc6 35. Rd7 Rxb6 36. Rxe7+ Rf7 37. Rxf7+ Kxf7 38. Rxh7+ Kg6 39. Rc7 Nd5 40. Rc2
Kf5 41. Bf1 Rb4 42. Bh3+ Kf6 43. Bg2 Ra4 44. Re2 Nc3 45. Rc2 Ra3 46. Rd2 b5 47.
g4 b4 48. Bf1 Nd5 49. Re2 Rf3+ 50. Ke1 Rxf4 51. g5+ Kxg5 52. Rg2+ Rg4 0-1

[Event "Aeroflot Open 2012 A"]
[Site "Moscow"]
[Date "2012.02.09"]
[Round "3"]
[White "Shyam, Sundar M"]
[Black "Grigoriants, Sergey"]
[Result "1/2-1/2"]
[WhiteElo "2462"]
[BlackElo "2570"]
[PlyCount "76"]
[EventDate "2012.02.07"]
[EventRounds "9"]
[EventCountry "RUS"]

1. c4 Nf6 2. g3 c6 3. Bg2 d5 4. Nf3 g6 5. cxd5 cxd5 6. O-O Bg7 7. d4 O-O 8. Ne5
e6 9. Nc3 Nfd7 10. f4 Nc6 11. Be3 Nb6 12. b3 Bd7 13. Qd2 Nc8 14. Bf2 Nd6 15. e4
dxe4 16. Nxe4 Nxe4 17. Bxe4 Rc8 18. Rad1 Rc7 19. Qe2 Ne7 20. d5 exd5 21. Bxd5
Nxd5 22. Rxd5 Qe7 23. Re1 Be6 24. Rd2 b6 25. Qb5 Rfc8 26. Rde2 Rc1 27. Nf3 Qb7
28. Ng5 Bd7 29. Qd3 Rxe1+ 30. Rxe1 h6 31. Ne4 Re8 32. Qf3 Kh8 33. Nd2 Rxe1+ 34.
Bxe1 Bc6 35. Qe2 Qd7 36. Nf3 Qd5 37. Kf2 Bd4+ 38. Nxd4 Qg2+ 1/2-1/2

[Event "Aeroflot Open 2012 A"]
[Site "Moscow"]
[Date "2012.02.09"]
[Round "3"]
[White "Paikidze, Nazi"]
[Black "Jankovic, Alojzije"]
[Result "0-1"]
[WhiteElo "2411"]
[BlackElo "2568"]
[PlyCount "72"]
[EventDate "2012.02.07"]
[EventRounds "9"]
[EventCountry "RUS"]

1. e4 c5 2. Nf3 Nc6 3. d4 cxd4 4. Nxd4 Nf6 5. Nc3 d6 6. Bg5 e6 7. Qd2 a6 8.
O-O-O Bd7 9. f4 b5 10. Bxf6 gxf6 11. Kb1 Qb6 12. Nce2 h5 13. g3 Rc8 14. Bg2 Na5
15. b3 Nc6 16. Rhe1 Nxd4 17. Nxd4 Qc5 18. Re3 h4 19. Rd3 hxg3 20. hxg3 b4 21.
e5 fxe5 22. fxe5 Bh6 23. Qf2 Bg7 24. exd6 O-O 25. Rh1 e5 26. Rh5 f5 27. Bb7
exd4 28. Bxc8 Qxc8 29. Rg5 Qc5 30. g4 Rf7 31. Qh4 Qxd6 32. gxf5 Bxf5 33. Rxd4
Bg6 34. Rxg6 Rf1+ 35. Kb2 Qxg6 36. Qd8+ Rf8 0-1

[Event "Aeroflot Open 2012 A"]
[Site "Moscow"]
[Date "2012.02.09"]
[Round "3"]
[White "Gopal G.N."]
[Black "Savchenko, Boris"]
[Result "0-1"]
[WhiteElo "2566"]
[BlackElo "2609"]
[PlyCount "126"]
[EventDate "2012.02.07"]
[EventRounds "9"]
[EventCountry "RUS"]

1. d4 d5 2. c4 e6 3. Nf3 Nf6 4. g3 Nc6 5. Bg2 dxc4 6. Qa4 Bb4+ 7. Bd2 Nd5 8.
Bxb4 Ndxb4 9. Na3 a6 10. Ne5 Bd7 11. O-O b5 12. Qd1 Nxe5 13. Bxa8 Qxa8 14. dxe5
Qe4 15. Qd2 Nd5 16. Nb1 O-O 17. Nc3 Qxe5 18. Rfd1 Bc6 19. Qd4 Qxd4 20. Rxd4 f5
21. a4 Kf7 22. axb5 axb5 23. Ra6 Nxc3 24. bxc3 Bd5 25. Ra7 Rc8 26. Rd2 Kf6 27.
Rb2 Bc6 28. f3 Ke5 29. Rd2 g5 30. Kf2 f4 31. e3 fxg3+ 32. hxg3 g4 33. f4+ Kf5
34. Ke1 h5 35. Rh2 Be8 36. Rd2 h4 37. Kf2 h3 38. Ra6 c6 39. Ra7 Bg6 40. Rd6 Kf6
41. Kg1 b4 42. cxb4 c3 43. Ra3 c2 44. Rc3 Ra8 45. Rcxc6 Ra1+ 46. Kh2 Ra2 47.
Rxe6+ Kf7 48. Rf6+ Ke7 49. Rfe6+ Kf8 50. Kg1 Bf7 51. Rc8+ Kg7 52. Re5 Ra1+ 53.
Kh2 c1=Q 54. Rg5+ Kf6 55. Rxc1 Rxc1 56. e4 Rc2+ 57. Kh1 Bc4 58. Rxg4 Be2 59.
Rh4 Bf3+ 60. Kg1 Rg2+ 61. Kh1 h2 62. e5+ Kg7 63. Rg4+ Kf8 0-1

[Event "Aeroflot Open 2012 A"]
[Site "Moscow"]
[Date "2012.02.09"]
[Round "3"]
[White "Szabo, Krisztian"]
[Black "Shomoev, Anton"]
[Result "0-1"]
[WhiteElo "2547"]
[BlackElo "2570"]
[PlyCount "98"]
[EventDate "2012.02.07"]
[EventRounds "9"]
[EventCountry "RUS"]

1. e4 c5 2. Nf3 d6 3. d4 cxd4 4. Nxd4 Nf6 5. Nc3 a6 6. f3 e6 7. Be3 b5 8. Qd2
Nbd7 9. g4 b4 10. Nce2 h6 11. O-O-O Qc7 12. h4 d5 13. Bf4 e5 14. Bh2 dxe4 15.
g5 hxg5 16. hxg5 Rxh2 17. Rxh2 exd4 18. Nxd4 Nd5 19. Re1 Bb7 20. Rxe4+ Ne7 21.
Nf5 Bxe4 22. Nd6+ Kd8 23. fxe4 Ng6 24. Nxf7+ Ke8 25. Nh8 Qf4 26. Bh3 Nde5 27.
Nxg6 Nxg6 28. Bd7+ Ke7 29. Qxf4 Nxf4 30. Bf5 Rd8 31. c3 bxc3 32. bxc3 Kd6 33.
Rd2+ Kc7 34. Rxd8 Kxd8 35. g6 Ne2+ 36. Kd2 Ng3 37. Ke3 Nxf5+ 38. exf5 Ke7 39.
Ke4 Kf6 40. a4 a5 41. c4 Be7 42. Kf4 Bd6+ 43. Ke4 Bh2 44. c5 Bg1 45. Kd5 Kxf5
46. Kc4 Ke6 47. Kb5 Kd7 48. Kxa5 Bxc5 49. Kb5 Bf2 0-1

[Event "Aeroflot Open 2012 A"]
[Site "Moscow"]
[Date "2012.02.09"]
[Round "3"]
[White "Al-Modiahki, Mohamad"]
[Black "Tukhaev, Adam"]
[Result "1/2-1/2"]
[WhiteElo "2567"]
[BlackElo "2537"]
[PlyCount "104"]
[EventDate "2012.02.07"]
[EventRounds "9"]
[EventCountry "RUS"]

1. e4 c5 2. Nc3 a6 3. g3 b5 4. Bg2 Bb7 5. Nge2 e6 6. d4 cxd4 7. Nxd4 Nf6 8. a3
d6 9. O-O Qc7 10. Re1 Be7 11. Bf4 O-O 12. e5 dxe5 13. Bxe5 Qb6 14. Bxb7 Qxb7
15. Bxf6 Bxf6 16. Ne4 Be7 17. Qf3 Kh8 18. Rad1 Nd7 19. Nd6 Qxf3 20. Nxf3 Nb6
21. Ne5 Kg8 22. c4 bxc4 23. Ndxc4 Nxc4 24. Nxc4 Ra7 25. Rd3 Rc7 26. b3 Rb8 27.
Kg2 Kf8 28. f4 h5 29. Kf3 Rb5 30. Re5 Rxe5 31. fxe5 f5 32. h4 g5 33. hxg5 Kg7
34. Kf4 Rb7 35. Nd6 Rb8 36. Rc3 Kg6 37. b4 Rh8 38. Rc8 Bxg5+ 39. Kf3 Rxc8 40.
Nxc8 Bd2 41. Ne7+ Kf7 42. Nc6 Bc3 43. a4 Ke8 44. a5 Kd7 45. Nb8+ Kc8 46. Nxa6
Bxe5 47. Nc5 Bd6 48. a6 Kb8 49. Nxe6 Bxb4 50. Nd4 Bd6 51. Nxf5 Bxg3 52. Nxg3
Ka7 1/2-1/2

[Event "Aeroflot Open 2012 A"]
[Site "Moscow"]
[Date "2012.02.10"]
[Round "4"]
[White "Korobov, Anton"]
[Black "Caruana, Fabiano"]
[Result "1-0"]
[WhiteElo "2660"]
[BlackElo "2736"]
[PlyCount "101"]
[EventDate "2012.02.07"]
[EventRounds "9"]
[EventCountry "RUS"]

1. d4 Nf6 2. c4 c5 3. d5 b5 4. cxb5 a6 5. bxa6 g6 6. Nc3 Bxa6 7. Nf3 d6 8. g3
Nbd7 9. Bg2 Bg7 10. Rb1 O-O 11. O-O Qa5 12. Qc2 Nb6 13. Rd1 Nfd7 14. Bd2 Nc4
15. Be1 Rfb8 16. Qc1 Nde5 17. Nxe5 Nxe5 18. h3 Bc8 19. b3 c4 20. f4 Nd7 21. Qe3
cxb3 22. axb3 Qd8 23. Na4 Nf6 24. Bf2 Bf5 25. Rbc1 Rb4 26. g4 Bd7 27. Rc6 Rab8
28. Rd3 Bxc6 29. dxc6 Qc7 30. Be1 R4b5 31. Nc3 Ra5 32. g5 Nh5 33. Nd5 Rxd5 34.
Bxd5 e6 35. Bf3 Rb5 36. Bc3 e5 37. fxe5 Bxe5 38. Bxe5 Rxe5 39. Qd2 Qa7+ 40. Kg2
Qe7 41. h4 d5 42. b4 Qd6 43. b5 Re6 44. Bxh5 gxh5 45. Rxd5 Rxe2+ 46. Qxe2 Qxd5+
47. Kg3 Qd6+ 48. Kf3 Qd5+ 49. Kf4 Qd6+ 50. Ke4 Qe6+ 51. Kd3 1-0

[Event "Aeroflot Open 2012 A"]
[Site "Moscow"]
[Date "2012.02.10"]
[Round "4"]
[White "Zhigalko, Sergei"]
[Black "Alekseev, Evgeny"]
[Result "1/2-1/2"]
[WhiteElo "2658"]
[BlackElo "2670"]
[PlyCount "43"]
[EventDate "2012.02.07"]
[EventRounds "9"]
[EventCountry "RUS"]

1. d4 Nf6 2. c4 e6 3. Nc3 Bb4 4. Qc2 O-O 5. e4 d5 6. e5 Ne4 7. Bd3 c5 8. Nge2
Nc6 9. O-O cxd4 10. cxd5 exd5 11. Nxd5 Qxd5 12. Bxe4 Qxe5 13. Bf4 Qh5 14. a3
Ba5 15. Bg3 Re8 16. b4 Bb6 17. Nf4 Qh6 18. Rfe1 Bd7 19. Nd5 Be6 20. Nxb6 axb6
21. Qd3 Qh5 22. Bxc6 1/2-1/2

[Event "Aeroflot Open 2012 A"]
[Site "Moscow"]
[Date "2012.02.10"]
[Round "4"]
[White "Gupta, Abhijeet"]
[Black "Balogh, Csaba"]
[Result "1/2-1/2"]
[WhiteElo "2652"]
[BlackElo "2665"]
[PlyCount "132"]
[EventDate "2012.02.07"]
[EventRounds "9"]
[EventCountry "RUS"]

1. d4 d5 2. c4 c6 3. Nf3 Nf6 4. Nc3 dxc4 5. a4 e6 6. e4 Bb4 7. Bxc4 Nxe4 8. O-O
Nf6 9. Qe2 O-O 10. Rd1 Nbd7 11. Rd3 Nd5 12. Bd2 Bd6 13. Ne5 N7b6 14. Bb3 f6 15.
Rh3 fxe5 16. dxe5 Nxc3 17. Qh5 Bxe5 18. Qxh7+ Kf7 19. Rf3+ Bf6 20. Bxc3 Ke8 21.
Qh5+ Kd7 22. Bxe6+ Kc7 23. Be5+ Bxe5 24. Qxe5+ Qd6 25. Qxd6+ Kxd6 26. Rxf8 Bxe6
27. Rd1+ Ke7 28. Rf4 a5 29. Re4 Nd7 30. f4 Kf7 31. Rde1 Nc5 32. f5 Bd5 33. Re7+
Kf6 34. g4 Rh8 35. R1e3 b6 36. Ra7 Nxa4 37. b4 Nb2 38. bxa5 bxa5 39. Ree7 Nc4
40. Rxg7 Ne5 41. Rh7 Rxh7 42. Rxh7 Nxg4 43. Ra7 Kxf5 44. Rxa5 Ke4 45. h3 Ne5
46. h4 Bf7 47. Kg2 Nd3 48. Ra4+ Ke3 49. Kg3 c5 50. Ra7 Ne5 51. Ra5 Nd3 52. Ra7
Bh5 53. Rh7 Bg6 54. Rg7 Be4 55. h5 Nf4 56. Rc7 Ne6 57. Re7 Nf8 58. Rf7 Nh7 59.
Rc7 Kd4 60. Kf4 Bd3 61. Rd7+ Kc3 62. Ke3 c4 63. h6 Bc2 64. Rf7 Bd3 65. Rd7 Nf6
66. Rd6 Nh7 1/2-1/2

[Event "Aeroflot Open 2012 A"]
[Site "Moscow"]
[Date "2012.02.10"]
[Round "4"]
[White "Khismatullin, Denis"]
[Black "Rodshtein, Maxim"]
[Result "1/2-1/2"]
[WhiteElo "2664"]
[BlackElo "2634"]
[PlyCount "65"]
[EventDate "2012.02.07"]
[EventRounds "9"]
[EventCountry "RUS"]

1. d4 d5 2. c4 c6 3. Nc3 Nf6 4. e3 e6 5. Nf3 Nbd7 6. Qc2 Bd6 7. b3 O-O 8. Bb2
e5 9. Be2 exd4 10. Nxd4 dxc4 11. Bxc4 Ne5 12. Be2 Qe7 13. O-O-O Ba3 14. Bxa3
Qxa3+ 15. Kb1 Bd7 16. Rd2 Rfe8 17. Rhd1 Ng6 18. g3 b5 19. Bf3 Rac8 20. Nf5 Bxf5
21. Qxf5 a5 22. Rc2 Qf8 23. Ne4 Nxe4 24. Bxe4 Re5 25. Qf3 c5 26. Rd5 Rxd5 27.
Bxd5 c4 28. Qe4 Rd8 29. bxc4 Qb4+ 30. Ka1 Qe1+ 31. Kb2 Qb4+ 32. Ka1 Qe1+ 33.
Kb2 1/2-1/2

[Event "Aeroflot Open 2012 A"]
[Site "Moscow"]
[Date "2012.02.10"]
[Round "4"]
[White "Tomashevsky, Evgeny"]
[Black "Nisipeanu, Liviu-Dieter"]
[Result "1-0"]
[WhiteElo "2740"]
[BlackElo "2647"]
[PlyCount "97"]
[EventDate "2012.02.07"]
[EventRounds "9"]
[EventCountry "RUS"]

1. d4 Nf6 2. c4 e6 3. g3 Bb4+ 4. Bd2 Bxd2+ 5. Qxd2 d5 6. Nf3 O-O 7. Bg2 Nbd7 8.
O-O dxc4 9. Na3 e5 10. dxe5 Nxe5 11. Qxd8 Nxf3+ 12. Bxf3 Rxd8 13. Nxc4 Be6 14.
Rac1 c6 15. Na5 Rd2 16. Nxb7 Rxb2 17. Rxc6 Rb8 18. Nc5 Bh3 19. Rc1 Rxa2 20. Nd3
h5 21. Nf4 Bg4 22. Kg2 Bxf3+ 23. Kxf3 Ng4 24. Kg2 g6 25. h3 Ne5 26. Rc7 g5 27.
R1c5 gxf4 28. Rxe5 fxg3 29. Kxg3 Rbb2 30. Rxh5 Rxe2 31. Rf5 a5 32. Rfxf7 Re6
33. Rg7+ Kh8 34. Rh7+ Kg8 35. Rcg7+ Kf8 36. Ra7 Kg8 37. Rhg7+ Kh8 38. Rgf7 Rg6+
39. Kh4 Kg8 40. Kh5 Ra6 41. Rg7+ Kf8 42. Raf7+ Ke8 43. Rb7 Kf8 44. Rbf7+ Ke8
45. Rh7 Rb2 46. f4 a4 47. f5 Rb3 48. h4 a3 49. f6 1-0